| 000 | 00657nam a2200253Ia 4500 | ||
|---|---|---|---|
| 003 | OSt | ||
| 005 | 20221007100648.0 | ||
| 006 | a|||||r|||| 00| 0 | ||
| 007 | ta | ||
| 008 | 221006b |||||||| |||| 00| 0 eng d | ||
| 024 | _a4,863 | ||
| 037 | _cTextual | ||
| 040 |
_aLCO _cLCO _beng |
||
| 041 |
_2eng _aeng |
||
| 082 | _aZ73,267, M3 | ||
| 100 |
_aMILLER A R _9701945 |
||
| 245 | 0 | _aIntellectual property | |
| 260 |
_aSt. _bPaul West pub. _c1983 |
||
| 300 | _a428 | ||
| 650 | _aINTELLECTUAL PROPERTY LAW | ||
| 700 |
_a DAVIES M H _9701946 |
||
| 942 |
_hZ73,267, M3 _cTEXL |
||
| 999 |
_c1174426 _d1174426 |
||